000 00488nam a22001691a 4500
020 _a9788171413959
082 _a362.208 3
_bANN/M
100 _aAnnapurna M
_9150658
245 _aMentally handicapped children and family stress/
_cby Annapurna M
260 _aNew Delhi:
_bDiscovery,
_c1997.
300 _a204p.
650 _aHandicapped Children
_9150659
650 _aMental handicap
_9150660
650 _aPsychology Child
_9150661
650 _aSocial Sciences
_9150662
942 _cBK
999 _c28685
_d28685